00481nam a2200193 a 4500001001300000003000900013005001700022008004100039020001000080082001500090100002300105245001700128260004300145300000900188500003500197505001600232650001600248700002300264nice12345678IN_TiNIC20260116011345.0050524s1937 dela grp 000 0 urd  ac10000a297.8bMAW aMawdoodi, Abul Ala aNishan-E-Rah aDelhibJamat-E-Islami Book Depotc1937 a56p. aincludes index and biblioraphy2 aIndex, Ill. aIslam-Sects1 aMawdoodi, Abul Ala